Statistics for Calendar Day Celebration - Click Quiz

Click here to take the quiz!

General Stats

  • This quiz has been taken 10 times
  • The average score is 10 of 20

Answer Stats

HintAnswer% Correct
Christmas (most common)December 25th
100%
Valentine's DayFebruary 14th
100%
Independence Day (US)July 4th
100%
HalloweenOctober 31st
100%
April Fool's DayApril 1st
86%
Star Wars DayMay 4th
86%
Bastille DayJuly 14th
71%
Pi DayMarch 14th
71%
International Women's DayMarch 8th
71%
Orthodox ChristmasJanuary 7th
43%
Canada DayJuly 1st
43%
International Workers DayMay 1st
29%
Walpurgis NightApril 30th
14%
World Elephant DayAugust 12th
14%
Feast of the Holy InnocentsDecember 28th
14%
Single's DayNovember 11th
14%
World Cancer DayFebruary 4th
0%
Mandela DayJuly 18th
0%
United Nations DayOctober 24th
0%
Gandhi Jayanti (birthday of Gandhi)October 2nd
0%

Score Distribution

Percentile by Number Answered

Percent of People with Each Score

Your Score History

You have not taken this quiz